Rajavyavaharakosha of Ragunatha pandit (Record no. 709114)

MARC details
000 -LEADER
fixed length control field 00821nam a2200253Ia 4500
003 - CONTROL NUMBER IDENTIFIER
control field OSt
005 - DATE AND TIME OF LATEST TRANSACTION
control field 20220928101655.0
008 - FIXED-LENGTH DATA ELEMENTS--GENERAL INFORMATION
fixed length control field 220927b |||||||| |||| 00| 0 san d
037 ## - SOURCE OF ACQUISITION
Terms of availability Reference Collections
040 ## - CATALOGING SOURCE
Original cataloging agency SDCL
Transcribing agency SDCL
Language of cataloging san
041 ## - LANGUAGE CODE
Source of code san
Language code of text/sound track or separate title san
100 ## - MAIN ENTRY--PERSONAL NAME
Personal name Raghunatha Pandit
9 (RLIN) 393471
245 #0 - TITLE STATEMENT
Title Rajavyavaharakosha of Ragunatha pandit
Remainder of title Persian-Sanskrit phraseology
260 ## - PUBLICATION, DISTRIBUTION, ETC.
Place of publication, distribution, etc. Delhi
Name of publisher, distributor, etc. Vidyanidhi Prakashan
Date of publication, distribution, etc. 2006
300 ## - PHYSICAL DESCRIPTION
Extent 110p.
Dimensions cm.
650 ## - SUBJECT ADDED ENTRY--TOPICAL TERM
Topical term or geographic name entry element Phraseology
9 (RLIN) 393472
700 ## - ADDED ENTRY--PERSONAL NAME
Personal name Bharadwaj Ramesh Ed.
9 (RLIN) 393473
942 ## - ADDED ENTRY ELEMENTS (KOHA)
Classification part P164,4k, 15P6 RR RR
Koha item type Reference
Source of classification or shelving scheme Colon Classification (CC)
Holdings
Withdrawn status Lost status Damaged status Not for loan Home library Current library Date acquired Total Checkouts Full call number Barcode Date last seen Price effective from Koha item type
        South Campus Library South Campus Library 2022-09-28   P164,4k 15P6 RR RR SC1250338 2022-09-28 2022-09-28 Reference
Copyright @ Delhi University Library System